| 000 | 00467nam a2200157 i 4500 | ||
|---|---|---|---|
| 001 | 69765 | ||
| 003 | ES-MaACL | ||
| 005 | 20230906170617.0 | ||
| 007 | t| | ||
| 008 | 040709s1969 sp ||||1| spa d | ||
| 100 | 1 |
_aGarcía Guerrero, María Mercedes. _954735 |
|
| 245 | 1 | 0 |
_aGolpes de mar / _cMaría Mercedes García Guerrero. |
| 260 |
_a[S.l. : _bs.n., _c1969] ( _eJerez : _fGráf. Exportador) |
||
| 300 |
_a134 p. ; _c17 cm. |
||
| 852 |
_aES-MaACL _jC-36697 _bR.69556 |
||
| 999 |
_c69765 _d69765 |
||